000
00269nam a2200097Ia 4500
001
1073792
005
20250827002208.0
008
250824s9999 xx 000 0 und d
245
0
_a
YAVUZ SULTAN SELİM VE KUTSAL EMANETLER
_c
YAVUZ BAHDIROĞLU
260
_b
PANAMA YAYINLARI
999
_c
1073792
_d
1073792